| 000 | 00451nam a2200193Ia 4500 | ||
|---|---|---|---|
| 008 | 170918s9999 xx 000 0 und d | ||
| 020 | _a9780439322960 | ||
| 050 | _bG549 2000 | ||
| 100 | _aGlass, Julie | ||
| 245 | 2 | _aA dollar for Penny / | |
| 245 | _cby Dr. Julie Glass. | ||
| 260 | _aNew York : | ||
| 260 | _bScholastic, | ||
| 260 | _c2000 | ||
| 300 | _aunpaged : | ||
| 300 | _bcolored illustration ; | ||
| 300 | _c23cm. | ||
| 500 | _a150 | ||
| 999 |
_c342889 _d342889 |
||